| LEADER 00000nam 2200000uu 4500 |
| 001 13399110550 |
| 003 BCNR |
| 008 110221s2552||||th 000 0 tha d |
| 020 9748314472
|
| 060 04 WB537^bบ295ก 2552
|
| 100 1 บาหร์, แฟรงค์
|
| 245 10 กดจุดหยุดโรค =^bThe acupressure health book /^cเขียนโดยFrank Bahr ; แปล/เรียบเรียง, ลลิดา อาชานานุภาพ, สุรเกียรติอาชานานุภาพ
|
| 246 31 The acupressure health book
|
| 250 พิมพ์ครั้งที่ 13
|
| 260 กรุงเทพฯ :^bหมอชาวบ้าน,^c2552
|
| 300 0245 หน้า :^bภาพประกอบ ;^c21 ซม.
|
| 650 7 การนวด
|
| 650 7 กายภาพบำบัด
|
| 650 7 กายวิภาคมนุษย์
|
| 700 0 ลลิดา อาชานานุภาพ,^eผู้แปล
|
| 700 0 สุรเกียรติ อาชานานุภาพ,^eผู้แปล
|
| 700 1 Bahr, Frank
|
| 999 ^aบรรณารักษ์
|